| 000 | 00345nam a2200121 4500 | ||
|---|---|---|---|
| 082 | _a658.835 K254e | ||
| 100 | _aKotler, Philip | ||
| 245 | _aEstudios de mercadotecnia / Philip Kotler | ||
| 260 | _aMexico : Diana | ||
| 300 | _a581p. / 23 cm. | ||
| 650 | _a1. ESTUDIOS DE MERCADOTECNIA \ 2. ORGANIZACION DEL MERCADEO | ||
| 700 | _aI. Cox, Keith K. | ||
| 999 |
_c23928 _d23928 |
||